000 00447cam a22001575a 4500
001 J100803
008 000000s1915 xxk 000 0 eng u
035 _a(Sirsi) u100803
110 _aAuctioneers' and Estate Agents Institute of the United Kingdom
_93789
245 _aNotes on practice. Vol.III Part III. February 1915.
260 _c1915
300 _a179p.
651 4 _aUnited Kingdom
_y
690 _aBusiness and management
942 _n0
999 _c99841
_d99841